<?xml version="1.0" encoding="UTF-8"?>
<collection xmlns="http://www.loc.gov/MARC21/slim">
    <record>
        <controlfield tag="001">100986</controlfield>
        <controlfield tag="005">20210323085017.0</controlfield>
        <datafield tag="037" ind1=" " ind2=" ">
            <subfield code="a">TAZ-TFG-2020-5079</subfield>
        </datafield>
        <datafield tag="041" ind1=" " ind2=" ">
            <subfield code="a">spa</subfield>
        </datafield>
        <datafield tag="100" ind1="1" ind2=" ">
            <subfield code="a">BARRA MORENO, LAURA</subfield>
        </datafield>
        <datafield tag="242" ind1="0" ind2="0">
            <subfield code="a">Development Classroom: An intervention programme with High Ability pupils in Primary Education</subfield>
        </datafield>
        <datafield tag="245" ind1="0" ind2="0">
            <subfield code="a">Aula de Desarrollo: Un programa de intervención con alumnos de Altas Capacidades en Educación Primaria</subfield>
        </datafield>
        <datafield tag="260" ind1=" " ind2=" ">
            <subfield code="a">Zaragoza</subfield>
            <subfield code="b">Universidad de Zaragoza</subfield>
            <subfield code="c">2020</subfield>
        </datafield>
        <datafield tag="506" ind1=" " ind2=" ">
            <subfield code="a">by-nc-sa</subfield>
            <subfield code="b">Creative Commons</subfield>
            <subfield code="c">3.0</subfield>
            <subfield code="u">http://creativecommons.org/licenses/by-nc-sa/3.0/</subfield>
        </datafield>
        <datafield tag="520" ind1=" " ind2=" ">
            <subfield code="a">La finalidad de este trabajo es la de realizar una propuesta de intervención destinada a la atención de alumnado que presenta Altas Capacidades Intelectuales en Educación Primaria. La idea surge a partir de uno de los grandes problemas presentes en las aulas españolas: ¿Cómo actuamos con este perfil de alumnado? ¿Qué podemos hacer? ¿Cómo podemos contribuir a su desarrollo académico y personal? Respecto a ello, uno de los principales problemas es la falta de motivación y de retos creativos que estimulen a este tipo de estudiantes hacia el logro académico y, por otro lado, la creación de contextos sociales adecuados donde puedan desarrollar apartados tan comúnmente asociados al perfil como la falta de habilidades sociales, emotividad y en ocasiones falta de reconocimiento emocional. Por ello, se lleva a cabo el diseño de este programa de intervención enfocado a 5º y 6º curso de Educación Primaria y que pretende promover la motivación, la creatividad, la colaboración y la socialización, así como el protagonismo del alumno en su propio aprendizaje a partir de una serie de actividades guiadas por el uso de metodologías activas y enfocadas en macro-áreas del conocimiento como son la lingüística, lógica-matemática y tecnológica-científica.&lt;br />&lt;br /></subfield>
        </datafield>
        <datafield tag="521" ind1=" " ind2=" ">
            <subfield code="a">Graduado en Magisterio en Educación Primaria</subfield>
        </datafield>
        <datafield tag="540" ind1=" " ind2=" ">
            <subfield code="a">Derechos regulados por licencia Creative Commons</subfield>
        </datafield>
        <datafield tag="700" ind1=" " ind2=" ">
            <subfield code="a">Quílez Robres, Alberto.</subfield>
            <subfield code="e">dir.</subfield>
        </datafield>
        <datafield tag="710" ind1="2" ind2=" ">
            <subfield code="a">Universidad de Zaragoza</subfield>
            <subfield code="b"> </subfield>
            <subfield code="c"></subfield>
        </datafield>
        <datafield tag="856" ind1="0" ind2=" ">
            <subfield code="f">739342@unizar.es</subfield>
        </datafield>
        <datafield tag="856" ind1="4" ind2=" ">
            <subfield code="s">433746</subfield>
            <subfield code="u">http://zaguan.unizar.es/record/100986/files/TAZ-TFG-2020-5079.pdf</subfield>
            <subfield code="y">Memoria (spa)</subfield>
        </datafield>
        <datafield tag="909" ind1="C" ind2="O">
            <subfield code="o">oai:zaguan.unizar.es:100986</subfield>
            <subfield code="p">driver</subfield>
            <subfield code="p">trabajos-fin-grado</subfield>
        </datafield>
        <datafield tag="950" ind1=" " ind2=" ">
            <subfield code="a"></subfield>
        </datafield>
        <datafield tag="951" ind1=" " ind2=" ">
            <subfield code="a">deposita:2021-03-23</subfield>
        </datafield>
        <datafield tag="980" ind1=" " ind2=" ">
            <subfield code="a">TAZ</subfield>
            <subfield code="b">TFG</subfield>
            <subfield code="c">FCHE</subfield>
        </datafield>
        <datafield tag="999" ind1=" " ind2=" ">
            <subfield code="a">20201125211445.CREATION_DATE</subfield>
        </datafield>
    </record>

    
</collection>